Matematika pre život sedem matematických princípov, ktoré formujú náš život

Gespeichert in:
Bibliographische Detailangaben
1. Verfasser: Yates, Kit
Format: Buch
Sprache:Slowakisch
Veröffentlicht: Bratislava Lindeni 2023
Ausgabe:2. slovenské vydanie
Schlagworte:
Tags: Tag hinzufügen
Keine Tags, Fügen Sie das erste Tag hinzu!

MARC

LEADER 00000nam a2200000 4500
001 0304228
005 20250107122006.0
020 |a 978-80-566-3640-4 
041 0 |a slo 
044 |a SK 
245 1 0 |a Matematika pre život  |b sedem matematických princípov, ktoré formujú náš život  |c Kit Yates 
250 |a 2. slovenské vydanie 
264 1 |a Bratislava  |b Lindeni  |c 2023 
300 |a 268 s. 
610 2 0 |a matematika 
610 2 0 |a štatistika 
610 2 0 |a algoritmy 
610 2 0 |a štýl životný 
610 2 0 |a medicína 
610 2 0 |a právo 
100 1 |a Yates, Kit